[Event "8. Lovsprings EMT Basis 4 1996"]
[Site "Ringsted"]
[Date "1996.04.12"]
[Round "5"]
[White "Nikolajsen, Martin"]
[Black "Orup, Kim Amdi"]
[Result "1-0"]
[WhiteElo "1123"]
[BlackElo "1241"]
[PlyCount "45"]
[EventDate "1996.??.??"]

1. e4 e5 2. Nf3 d6 3. Bc4 Bg4 4. h3 Bxf3 5. Qxf3 Qf6 6. Qb3 b6 7. d3 c6 8. Qa4
b5 9. Bxb5 cxb5 10. Qxb5+ Nd7 11. Nc3 Ne7 12. Qb7 Nb6 13. Nb5 Rc8 14. Qxa7 Rxc2
15. Qxb6 Nc8 16. Qe3 d5 17. O-O d4 18. Qg5 Qxg5 19. Bxg5 Rxb2 20. Rfc1 Nb6 21.
Rab1 Rxb1 22. Rxb1 Nd7 23. Nc7# 1-0

[Event "8. Lovsprings EMT Basis 4 1996"]
[Site "Ringsted"]
[Date "1996.04.12"]
[Round "5"]
[White "Olsson, Dennis"]
[Black "Astrup, Knud"]
[Result "0-1"]
[WhiteElo "1000"]
[BlackElo "1242"]
[PlyCount "90"]
[EventDate "1996.??.??"]

1. e4 e6 2. d4 d5 3. Nc3 Nf6 4. Bd3 c5 5. Be3 Qb6 6. Na4 Qa5+ 7. Nc3 Nc6 8. Nf3
dxe4 9. Bxe4 Nxe4 10. dxc5 Nxc3 11. bxc3 Bxc5 12. Bxc5 Qxc5 13. O-O Qxc3 14.
Rb1 b6 15. Rb3 Qf6 16. Qa1 Qxa1 17. Rxa1 Bb7 18. Rd3 O-O 19. Rad1 Nb4 20. Rd7
Bxf3 21. gxf3 Nc6 22. R1d6 Ne5 23. Re7 Rfc8 24. f4 Ng6 25. Red7 Nxf4 26. Rd4
Ne2+ 27. Kf1 Nxd4 28. Rxd4 Rxc2 29. Kg2 Rxa2 30. Rd7 g6 31. Kg3 a5 32. Rb7 Ra6
33. Rb8+ Kg7 34. h4 Ra3+ 35. f3 h5 36. Kf4 Kf6 37. Ke4 Ra4+ 38. Ke3 Rxh4 39.
Rd8 b5 40. Rd4 b4 41. Rxh4 b3 42. Rf4+ Ke7 43. Kd2 a4 44. Kc1 Rc6+ 45. Kb1 a3
0-1

[Event "8. Lovsprings EMT Basis 4 1996"]
[Site "Ringsted"]
[Date "1996.04.12"]
[Round "5"]
[White "Skytt, Soren"]
[Black "Henriksen, Mikkel"]
[Result "0-1"]
[WhiteElo "1000"]
[BlackElo "1185"]
[PlyCount "80"]
[EventDate "1996.??.??"]

1. d4 Nf6 2. Nc3 g6 3. Nf3 Bg7 4. Bf4 e6 5. e3 c6 6. Bd3 O-O 7. Ne5 d5 8. O-O
Nbd7 9. Nxd7 Nxd7 10. Ne2 e5 11. dxe5 Nxe5 12. Ng3 Nxd3 13. Qxd3 Bxb2 14. Rab1
Bg7 15. e4 Qf6 16. Bd2 dxe4 17. Nxe4 Qe7 18. Bg5 Qe5 19. Rfe1 Qd4 20. Qxd4 Bxd4
21. Red1 Bg7 22. Nd6 f6 23. Bd2 Rd8 24. Nxc8 Raxc8 25. Rxb7 Rd6 26. Rxa7 Bh6
27. g3 Bxd2 28. Rb1 f5 29. Rbb7 Bc3 30. Rxh7 Re8 31. a4 Rd2 32. a5 Rxc2 33. a6
Bd4 34. Rad7 Bxf2+ 35. Kf1 Bd4 36. a7 Ra8 37. Ke1 Ra2 38. Rhe7 R2xa7 39. Rxa7
Rxa7 40. Rxa7 Bxa7 0-1

[Event "8. Lovsprings EMT Basis 4 1996"]
[Site "Ringsted"]
[Date "1996.04.19"]
[Round "6"]
[White "Astrup, Knud"]
[Black "Andersen, Jorgen"]
[Result "1-0"]
[WhiteElo "1242"]
[BlackElo "1214"]
[PlyCount "63"]
[EventDate "1996.??.??"]

1. f4 e6 2. Nf3 Nf6 3. e3 d5 4. b3 Bc5 5. Bb2 Nc6 6. Bb5 Bd7 7. O-O a6 8. Bxc6
Bxc6 9. d4 Ba7 10. Nbd2 b5 11. Ne5 Bb7 12. c4 dxc4 13. bxc4 bxc4 14. Nexc4 Qd5
15. Qf3 Qb5 16. Qe2 O-O-O 17. Rac1 Qd5 18. Nf3 Qh5 19. Nce5 Rhe8 20. Qc4 Nd5
21. e4 Bxd4+ 22. Bxd4 Re7 23. exd5 Bxd5 24. Qxa6+ Bb7 25. Qa3 Red7 26. Nxd7
Rxd7 27. Qc3 Qg4 28. Be5 c6 29. Nd4 f6 30. Nxc6 Ba8 31. Qa5 Qe2 32. Nd4+ 1-0

[Event "8. Lovsprings EMT Basis 4 1996"]
[Site "Ringsted"]
[Date "1996.04.19"]
[Round "6"]
[White "Bromann, Per"]
[Black "Orup, Kim Amdi"]
[Result "1-0"]
[WhiteElo "1201"]
[BlackElo "1241"]
[PlyCount "45"]
[EventDate "1996.??.??"]

1. e4 e5 2. Nf3 c6 3. Bc4 d6 4. h3 Nf6 5. d3 h6 6. Nc3 Be7 7. Be3 Bd7 8. O-O
O-O 9. a3 Qc8 10. d4 exd4 11. Nxd4 Bxh3 12. Nxc6 bxc6 13. Qf3 Bg4 14. Qg3 Kh8
15. f3 Be6 16. Bd3 d5 17. e5 Nh7 18. f4 Bf5 19. Bd4 f6 20. Rae1 fxe5 21. Rxe5
Bf6 22. Bxf5 Qb7 23. Qg6 1-0

[Event "8. Lovsprings EMT Basis 4 1996"]
[Site "Ringsted"]
[Date "1996.04.19"]
[Round "6"]
[White "Christensen, Michael Bohn"]
[Black "Olsson, Dennis"]
[Result "1-0"]
[WhiteElo "1137"]
[BlackElo "1000"]
[PlyCount "71"]
[EventDate "1996.??.??"]

1. e4 e5 2. Nf3 d6 3. Nc3 Bd7 4. Bc4 Nh6 5. d3 Be7 6. Bxh6 gxh6 7. Qd2 Bg5 8.
Nxg5 Qxg5 9. O-O-O Nc6 10. Nd5 O-O-O 11. Qxg5 hxg5 12. Nf6 Na5 13. Nxd7 Rxd7
14. Bb5 c6 15. Bc4 Nxc4 16. dxc4 f6 17. Rd3 c5 18. Rhd1 Rhd8 19. Rf3 Rf8 20.
Rh3 Kc7 21. Rf3 b6 22. Kb1 a5 23. a3 h5 24. Rf5 h4 25. f3 Rh7 26. c3 h3 27. g3
Kd7 28. f4 gxf4 29. gxf4 exf4 30. e5 Rg7 31. Rxd6+ Ke7 32. exf6+ Kf7 33. fxg7+
Kxg7 34. Rxf8 Kxf8 35. Rxb6 f3 36. Rf6+ 1-0

[Event "8. Lovsprings EMT Basis 4 1996"]
[Site "Ringsted"]
[Date "1996.04.19"]
[Round "6"]
[White "Jorgensen, Per"]
[Black "Henriksen, Mikkel"]
[Result "0-1"]
[WhiteElo "1019"]
[BlackElo "1185"]
[PlyCount "44"]
[EventDate "1996.??.??"]

1. e4 d6 2. d4 g6 3. d5 Nf6 4. Nc3 Bg7 5. h3 O-O 6. Bd3 Nbd7 7. Bf4 Nh5 8. Be3
Ne5 9. Nf3 Kh8 10. O-O f5 11. Nd4 f4 12. Bd2 Nxd3 13. cxd3 Bxd4 14. Qf3 Bg7 15.
b3 e5 16. Rac1 a6 17. a4 Qh4 18. Ne2 g5 19. d4 g4 20. hxg4 Bxg4 21. Qd3 f3 22.
g3 Qh3 0-1

[Event "8. Lovsprings EMT Basis 4 1996"]
[Site "Ringsted"]
[Date "1996.04.19"]
[Round "6"]
[White "Nielsen, Henning"]
[Black "Danielsen, Laurits"]
[Result "1-0"]
[WhiteElo "1156"]
[BlackElo "1191"]
[PlyCount "91"]
[EventDate "1996.??.??"]

1. e4 e5 2. Bc4 d6 3. Nc3 c6 4. a3 Nf6 5. h3 d5 6. exd5 cxd5 7. Bb3 Be6 8. d4
e4 9. Nge2 Bd6 10. Nf4 Bxf4 11. Bxf4 O-O 12. Nb5 Qa5+ 13. Nc3 Nc6 14. O-O a6
15. Na4 Nd7 16. Bd6 Rfd8 17. Nc5 Nxc5 18. dxc5 Rd7 19. Bxd5 Rxd6 20. b4 Qd8 21.
cxd6 Qxd6 22. Bxe4 Qc7 23. c3 Rd8 24. Qc2 g6 25. Rad1 Re8 26. Rfe1 Ne5 27. Bd5
Bf5 28. Be4 Be6 29. Bxb7 Qxb7 30. Rxe5 Qc6 31. Rde1 Kf8 32. c4 f6 33. R5e3 Kf7
34. c5 Qd5 35. Qd3 Qxd3 36. Rxd3 Bc4 37. Rd7+ Kf8 38. Rxe8+ Kxe8 39. Rxh7 Bd3
40. g3 g5 41. Ra7 Bb5 42. f4 gxf4 43. gxf4 Bd3 44. Kf2 Bb5 45. Ke3 Bd7 46. h4
1-0

[Event "8. Lovsprings EMT Basis 4 1996"]
[Site "Ringsted"]
[Date "1996.04.19"]
[Round "6"]
[White "Niki, Alireza"]
[Black "Nikolajsen, Martin"]
[Result "0-1"]
[WhiteElo "1100"]
[BlackElo "1123"]
[PlyCount "84"]
[EventDate "1996.??.??"]

1. e4 e5 2. Nf3 Nf6 3. Nxe5 Qe7 4. f4 d6 5. Nf3 Nxe4 6. Qe2 Nc6 7. d3 Nc5 8.
Be3 Bg4 9. Nc3 Nb4 10. Kd1 O-O-O 11. d4 Ne4 12. h3 Bd7 13. Nxe4 Qxe4 14. Ng5
Qg6 15. Qc4 Nc6 16. Qxf7 Bf5 17. Qc4 d5 18. Qb3 Nb4 19. Qc3 Rd7 20. Bb5 c6 21.
Be2 Nxc2 22. Rc1 Bb4 23. Qb3 Nxe3+ 24. Qxe3 Re8 25. Qb3 Rde7 26. Qxb4 Rxe2 27.
Qb3 h6 28. g4 hxg5 29. gxf5 Qh5 30. Rc2 R2e3+ 31. Kc1 Rxb3 32. axb3 gxf4 33. h4
Qxf5 34. b4 f3 35. b5 f2 36. bxc6 Re1+ 37. Kd2 Qxc2+ 38. Kxc2 Rxh1 39. cxb7+
Kb8 40. Kb3 f1=Q 41. h5 Qc4+ 42. Ka3 Ra1# 0-1

[Event "8. Lovsprings EMT Basis 4 1996"]
[Site "Ringsted"]
[Date "1996.04.19"]
[Round "6"]
[White "Skytt, Soren"]
[Black "Andersen, Poul Erik"]
[Result "0-1"]
[WhiteElo "1000"]
[BlackElo "1093"]
[PlyCount "54"]
[EventDate "1996.??.??"]

1. d4 d5 2. Nf3 Nc6 3. Bf4 Bf5 4. a3 g6 5. e3 Bh6 6. Bxh6 Nxh6 7. Bd3 Qd7 8.
Nc3 Bg4 9. h3 Bxf3 10. Qxf3 e6 11. O-O O-O 12. Ne2 e5 13. Qg3 e4 14. Bb5 Nf5
15. Qg4 Qd6 16. Ng3 Nce7 17. Nh5 Kh8 18. Qg5 gxh5 19. Qxh5 Rg8 20. Be2 Ng7 21.
Qh4 f5 22. Bh5 Nxh5 23. Qxh5 Rg6 24. b4 Rag8 25. g3 Rxg3+ 26. fxg3 Qxg3+ 27.
Kh1 Qg2# 0-1

[Event "8. Lovsprings EMT Basis 4 1996"]
[Site "Ringsted"]
[Date "1996.04.26"]
[Round "7"]
[White "Andersen, Poul Erik"]
[Black "Niki, Alireza"]
[Result "0-1"]
[WhiteElo "1093"]
[BlackElo "1100"]
[PlyCount "62"]
[EventDate "1996.??.??"]

1. e4 c5 2. Nf3 Nc6 3. Bc4 e5 4. d3 Nf6 5. Ng5 d5 6. exd5 Nxd5 7. Qf3 f6 8.
Bxd5 Nd4 9. Bf7+ Ke7 10. Qd1 h6 11. Bc4 hxg5 12. c3 Nf5 13. O-O Qd6 14. f4 gxf4
15. Qe2 Kd8 16. Nd2 Ne3 17. Ne4 Qc6 18. Bxe3 fxe3 19. Qxe3 b5 20. Bb3 f5 21.
Qg5+ Kc7 22. Nd2 Rh6 23. Qe3 Qd6 24. h3 f4 25. Qf2 Rg6 26. Ne4 Qc6 27. a4 Bxh3
28. axb5 Qxb5 29. Bc4 Qb7 30. Nxc5 Rxg2+ 31. Qxg2 Qxg2# 0-1

[Event "8. Lovsprings EMT Basis 4 1996"]
[Site "Ringsted"]
[Date "1996.04.26"]
[Round "7"]
[White "Bromann, Per"]
[Black "Nikolajsen, Martin"]
[Result "0-1"]
[WhiteElo "1201"]
[BlackElo "1123"]
[PlyCount "106"]
[EventDate "1996.??.??"]

1. e4 e5 2. Nf3 Nf6 3. Nc3 Bb4 4. a3 Ba5 5. Bc4 d6 6. O-O Bg4 7. h3 Bh5 8. d3
c6 9. Be3 h6 10. b4 Bc7 11. d4 Nxe4 12. Bxf7+ Bxf7 13. Nxe4 d5 14. Ng3 e4 15.
Ne5 Bxe5 16. dxe5 Nd7 17. Bf4 Rg8 18. Nf5 b6 19. Nd6+ Ke7 20. Nxf7 Kxf7 21. Qg4
Re8 22. Qh5+ Kg8 23. Bg3 Qg5 24. Qe2 Nxe5 25. h4 Qg4 26. Qa6 Nc4 27. Qb7 Qc8
28. Qxc8 Raxc8 29. f4 exf3 30. Rxf3 Rf8 31. Bf4 b5 32. g3 g5 33. hxg5 hxg5 34.
Re1 gxf4 35. gxf4 Rce8 36. Rg3+ Kf7 37. Rf1 Re3 38. Rg4 Rg8 39. Rg2 Rxg2+ 40.
Kxg2 Rc3 41. f5 Rxc2+ 42. Kg3 Kf6 43. Kg4 d4 44. Re1 Ne5+ 45. Kf4 Rc4 46. Rh1
d3+ 47. Ke3 Rc3 48. Rh6+ Kxf5 49. Rh5+ Ke6 50. Kd2 Rxa3 51. Rh6+ Kd5 52. Rh5
Rb3 53. Rh4 Nf3+ 0-1

[Event "8. Lovsprings EMT Basis 4 1996"]
[Site "Ringsted"]
[Date "1996.04.26"]
[Round "7"]
[White "Christensen, Michael Bohn"]
[Black "Danielsen, Laurits"]
[Result "0-1"]
[WhiteElo "1137"]
[BlackElo "1191"]
[PlyCount "104"]
[EventDate "1996.??.??"]

1. d4 d5 2. c4 Nf6 3. Nc3 e6 4. Nf3 h6 5. e3 Nbd7 6. Bd3 c5 7. O-O a6 8. Re1
Nb6 9. b3 cxd4 10. exd4 Bb4 11. Bb2 O-O 12. c5 Nbd7 13. a3 Ba5 14. b4 Bc7 15.
h3 Nh5 16. Ne5 Nxe5 17. dxe5 Bd7 18. Qxh5 Be8 19. Qg4 f5 20. Qd4 Qg5 21. Bc1
Qg6 22. Nxd5 exd5 23. Qxd5+ Kh8 24. Qxb7 Bc6 25. Qxc6 Qxc6 26. e6 Rae8 27. Bc4
Rf6 28. Bb2 Rg6 29. g3 h5 30. Rad1 Bxg3 31. Bd5 Bh4+ 32. Kf1 Qb5+ 33. Re2 Qb8
34. Be5 Qd8 35. Bf4 Bg5 36. Bd6 f4 37. Bf3 Rgxe6 38. Rxe6 Rxe6 39. Bxh5 Qf6 40.
Bg4 Re4 41. Bf3 Rc4 42. Re1 Qg6 43. Be2 Rc3 44. Bxa6 Rxa3 45. Be2 Rxh3 46. Kg2
Rh4 47. b5 Bf6+ 48. Kf3 Qg4+ 49. Ke4 f3+ 50. Ke3 Qe4+ 51. Kd2 Bg5+ 52. Kd1 Qb1#
0-1

[Event "8. Lovsprings EMT Basis 4 1996"]
[Site "Ringsted"]
[Date "1996.04.26"]
[Round "7"]
[White "Henriksen, Mikkel"]
[Black "Astrup, Knud"]
[Result "1-0"]
[WhiteElo "1185"]
[BlackElo "1242"]
[PlyCount "61"]
[EventDate "1996.??.??"]

1. e4 e6 2. d4 d5 3. exd5 exd5 4. Bd3 Nf6 5. c3 h6 6. Be3 Bd6 7. Nf3 Nbd7 8.
Nbd2 O-O 9. Qc2 Re8 10. O-O-O Ng4 11. Rde1 Ndf6 12. h3 Nxe3 13. fxe3 Bd7 14. g4
Bc6 15. g5 Ne4 16. gxh6 gxh6 17. Rhg1+ Kf8 18. Rg2 Qf6 19. Rf1 Qh8 20. Nh4 Ke7
21. Nxe4 dxe4 22. Bxe4 Bxe4 23. Qxe4+ Kd8 24. Qxb7 Rc8 25. Rxf7 Rxe3 26. Nf5
Bf4 27. Qd5+ Bd6 28. Nxe3 Qe8 29. Nf5 Qe1+ 30. Kc2 Qf1 31. Rg8# 1-0

[Event "8. Lovsprings EMT Basis 4 1996"]
[Site "Ringsted"]
[Date "1996.04.26"]
[Round "7"]
[White "Orup, Kim Amdi"]
[Black "Nielsen, Henning"]
[Result "0-1"]
[WhiteElo "1241"]
[BlackElo "1156"]
[PlyCount "112"]
[EventDate "1996.??.??"]

1. e4 e5 2. Nf3 Nc6 3. Bb5 Nge7 4. Nc3 a6 5. Bc4 Ng6 6. d3 Na5 7. Nd2 b5 8. Bb3
c6 9. Qf3 f6 10. Qh5 Bb4 11. O-O Bxc3 12. bxc3 Nxb3 13. cxb3 O-O 14. g3 d6 15.
Qe2 Be6 16. Nf3 Qd7 17. Qe3 c5 18. c4 b4 19. a4 Bh3 20. Re1 Qg4 21. Nd2 f5 22.
f3 Qh5 23. Qf2 f4 24. Nf1 fxg3 25. Nxg3 Qxf3 26. Qxf3 Rxf3 27. Re3 Raf8 28. Bd2
Rxe3 29. Bxe3 Rf3 30. Re1 Nf4 31. Bxf4 exf4 32. Nh5 Kf7 33. Kh1 g6 34. Ng3 fxg3
35. hxg3 Rf1+ 36. Rxf1+ Bxf1 37. d4 cxd4 38. Kg1 Be2 39. Kf2 d3 40. Ke3 Ke6 41.
a5 g5 42. g4 Kf6 43. Kd2 Kg6 44. e5 dxe5 45. c5 Bxg4 46. Kxd3 Bd7 47. Ke4 Kf6
48. Kd5 Be6+ 49. Kc6 e4 50. Kb6 e3 51. Kxa6 e2 52. c6 e1=Q 53. Kb7 Bd5 54. a6
Qe7+ 55. Kc8 Bxc6 56. Kb8 Qd7 0-1